Catholicism, politics, and society in twentieth-century France

Αποθηκεύτηκε σε:
Λεπτομέρειες βιβλιογραφικής εγγραφής
Άλλοι συγγραφείς: Chadwick, Kay (Επιμελητής έκδοσης)
Μορφή: Βιβλίο
Γλώσσα:English
Δημοσίευση: Liverpool, U.K. : Liverpool University Press, 2000
Θέματα:
Ετικέτες: Προσθήκη ετικέτας
Δεν υπάρχουν, Καταχωρήστε ετικέτα πρώτοι!

MARC

LEADER 00000nam a2200000 i 4500
001 1/78699
008 080326s2000 eng d
020 |a 0-85323-984-3 (pbk.) 
035 |l 10095791 
040 |a GR-MY-UA  |b gre  |e aacr 
041 0 |a eng 
082 0 |a 944.081  |2 (22) 
245 1 0 |a Catholicism, politics, and society in twentieth-century France /  |c edited by Kay Chadwick 
260 |a Liverpool, U.K. :   |b Liverpool University Press,   |c 2000 
300 |a xiii, 295 σ.;  |c 24 εκ. 
504 |a Βιβλιογραφία: σ. [280]-283 
504 |a Ευρετήριο: σ. 284-295 
610 2 0 |a Catholic Church  |z France  |x History  |y 20th century. 
610 2 0 |a Catholic Church  |z France  |x History. 
650 0 0 |a Church and state  |z France  |x History  |y 20th century. 
651 0 |a France  |x Church history  |y 20th century. 
700 1 |a Chadwick, Kay.  |4 edt 
852 |a INST  |b LESVOS  |e 20080326  |h 944.081 CAT  |p 005100039434  |q 005100039434  |t BK  |y 0 
901 |a BIBL1-2008-1 
909 |a Λ  |b 143147 
922 |a 1ΕΛΗ  |b 200712  |c ΕΠΕΑΕΚ2/ΤΚΑ  |d ΠΑΠΑΣΩΤΗΡΙΟΥ 
970 |a ΚΑΡΑ  |b ΓΙΑΣΕΜΗ  |z 2008/03/26